La venganza de Nofret ; Cita con la muerte ; Un puñado de centeno ; Inntriga en Bagdad ; La muerte visita al dentista / (Record no. 185795)

MARC details
000 -LEADER
campo de control de longitud fija 00969nam a2200241 i 4500
001 - NÚMERO DE CONTROL
campo de control 185795
003 - IDENTIFICADOR DE NÚMERO DE CONTROL
campo de control ES-MaACL
005 - FECHA Y HORA DE LA ÚLTIMA TRANSACCIÓN
campo de control 20251014063301.0
008 - DATOS DE LONGITUD FIJA--INFORMACIÓN GENERAL
campo de control de longitud fija 160810s1957 sp |||| | spa d
080 ## - NÚMERO DE LA CLASIFICACIÓN DECIMAL UNIVERSAL
Número de la Clasificación Decimal Universal 821.111-31"19"
100 1# - ENTRADA PRINCIPAL--NOMBRE DE PERSONA
Nombre de persona Christie, Agatha,
Fechas asociadas al nombre 1890-1976
9 (RLIN) 38657
245 13 - MENCIÓN DEL TÍTULO
Título La venganza de Nofret ; Cita con la muerte ; Un puñado de centeno ; Inntriga en Bagdad ; La muerte visita al dentista /
Mención de responsabilidad, etc. Agatha Christie ; prólogo de Salvador Bordoy Luque ; [traducción de Inés Cortés Brover (i.e. Bover) ... et al.].
260 ## - PUBLICACIÓN, DISTRIBUCIÓN, ETC.
Lugar de publicación, distribución, etc. Madrid :
Nombre del editor, distribuidor, etc. Aguilar,
Fecha de publicación, distribución, etc. 1957.
300 ## - DESCRIPCIÓN FÍSICA
Extensión 1056 p. :
Otras características físicas 1 retr. ;
Dimensiones 18 cm.
490 1# - MENCIÓN DE SERIE
Mención de serie Obras escogidas / Agatha Christie ;
Designación de volumen o secuencia 2
490 1# - MENCIÓN DE SERIE
Mención de serie El lince astuto
700 1# - ENTRADA AGREGADA--NOMBRE PERSONAL
Nombre de persona Bordoy Luque, Salvador.
9 (RLIN) 30424
700 1# - ENTRADA AGREGADA--NOMBRE PERSONAL
Nombre de persona Cortés Bover, Inés.
9 (RLIN) 164650
830 0# - PUNTO DE ACCESO ADICIONAL DE SERIE-TÍTULO UNIFORME
Título uniforme Obras escogidas / Agatha Christie ;
Designación de volumen o secuencia 2
9 (RLIN) 192407
830 0# - PUNTO DE ACCESO ADICIONAL DE SERIE-TÍTULO UNIFORME
Título uniforme El lince astuto
9 (RLIN) 186549
852 ## - LOCALIZACIÓN
Ubicación ES-MaACL
Número de control de estantería C-13765
Holdings
Estatus retirado Estado de pérdida Estado de daño No para préstamo Biblioteca de origen Biblioteca actual Ubicación en estantería Fecha de adquisición Fuente de adquisición Total de préstamos Signatura topográfica completa Código de barras Visto por última vez Precio de reemplazo Tipo de ítem Koha
        Biblioteca del Ateneo de Madrid Biblioteca del Ateneo de Madrid Sala Palomar 10/08/2016     C-13765 1195851 23/02/2023 23/02/2023 Libro impreso